Fisicoquímica

Gardado en:
Detalles Bibliográficos
Autor Principal: Levine, Ira N (Author)
Formato: Libro
Idioma:Lingua castelá
Publicado: Bogotá McGraw-Hill Latinoamericana 1981
Subjects:
Tags: Engadir etiqueta
Sen Etiquetas, Sexa o primeiro en etiquetar este rexistro!

MARC

LEADER 00000nam a2200000 a 4500
001 UCW2577
003 CL-VaPUC
008 890105e19810000CK |||||||||||||||||spa|d
082 0 4 |a 539  |b LEV  |2 21 
100 |a Levine, Ira N  |e author  |9 594201 
245 1 0 |a Fisicoquímica 
300 |a 635 p 
942 |c BK 
945 |d 19890105 00:00:00 
260 |a Bogotá  |b McGraw-Hill Latinoamericana  |c 1981 
650 0 |a Fisicoquímica  |9 259585 
583 |a last modification  |c 19890105 00:00:00  |k Rodrigo Vera 
999 |c 217102  |d 217100